| 000 | 01817nam a2200361 a 4500 | ||
|---|---|---|---|
| 001 | ebr10726817 | ||
| 003 | CaPaEBR | ||
| 006 | m o u | ||
| 007 | cr cn||||||||| | ||
| 008 | 121217s2013 aluah sb 001 0 eng d | ||
| 010 | _z 2012050439 | ||
| 020 | _z9780817317904 (trade cloth : alk. paper) | ||
| 020 | _z9780817386658 (e-book) | ||
| 040 |
_aCaPaEBR _cCaPaEBR |
||
| 035 | _a(OCoLC)860713630 | ||
| 043 | _an-us--- | ||
| 050 | 1 | 4 |
_aML25 _b.W56 2013eb |
| 082 | 0 | 4 |
_a782.0088/37873 _223 |
| 100 | 1 |
_aWinstead, J. Lloyd, _d1966- |
|
| 245 | 1 | 0 |
_aWhen colleges sang _h[electronic resource] : _bthe story of singing in American college life / _cJ. Lloyd Winstead. |
| 260 |
_aTuscaloosa : _bUniversity of Alabama Press, _c2013. |
||
| 300 |
_axii, 340 p. : _bill., facsims. |
||
| 504 | _aIncludes bibliographical references and index. | ||
| 505 | 0 | _aCollege singing amid the Puritan culture, 1636-1700 -- Sacred and secular college singing, 1700-1800 -- Singing in student organizations, 1800-1850 -- The first college songbooks, 1850-1890 -- College singing at the turn of the century, 1890-1910 -- Warring, roaring, and scoring, 1910-1930 -- Sounds of college life, 1930-1950 -- Singing traditions, 1950-present. | |
| 533 |
_aElectronic reproduction. _bPalo Alto, Calif. : _cebrary, _d2013. _nAvailable via World Wide Web. _nAccess may be limited to ebrary affiliated libraries. |
||
| 650 | 0 |
_aVocal groups _zUnited States. |
|
| 650 | 0 |
_aSinging _zUnited States. |
|
| 650 | 0 |
_aMusic in universities and colleges _zUnited States. |
|
| 650 | 0 |
_aStudents' songs _zUnited States _xHistory and criticism. |
|
| 655 | 7 |
_aElectronic books. _2local |
|
| 710 | 2 | _aebrary, Inc. | |
| 856 | 4 | 0 |
_uhttp://site.ebrary.com/lib/rucke/Doc?id=10726817 _zAn electronic book accessible through the World Wide Web; click to view |
| 999 |
_c38957 _d38957 |
||